000 01041nam a2200253Ia 4500
003 Ost
005 20260507075634.0
008 260507s9999||||xx |||||||||||||| ||und||
040 _cfsecg
041 _aara
082 _a330.121
100 _aجيدل، عمار
_eمؤلف
245 0 _aالعولمة من منظور شرعي /
_c عمار جيدل
260 _aالقاهرة:
_bدار حامد للنشر والتوزيع,
_c2002
300 _a106 صفحة؛
_bإيضاحات ؛
_c24 سم
520 _aالعولمة هل هي استعمار أم تحرير- العولمة مفهومها مظاهرها، آثارها وموقف الإسلام منها- العولمة والتفاعل الحضاري
653 _aالإقتصاد
653 _aالإقتصاد الدولي
653 _aالشريعة الإسلامية
653 _aالعولمة
700 _aالصلاحين، عبد المجيد
_eمؤلف ثانوي
700 _aوريكات، عبد الكريم
_eمؤلف ثانوي
942 _cكتاب
999 _c45265
_d45265